Estudio psicológico sobre Lope de Vega

Guardat en:
Dades bibliogràfiques
Autor principal: Romero Flores, H. R (Autor)
Format: Llibre
Idioma:espanyol
Publicat: Madrid Real Academia Española 1936
Matèries:
Etiquetes: Afegir etiqueta
Sense etiquetes, Sigues el primer a etiquetar aquest registre!

MARC

LEADER 00000nam a2200000 a 4500
001 UCT5372
003 CL-VaPUC
008 961206e19360000SP |||||||||||||||||spa|d
082 0 4 |a 864  |b ROM  |2 21 
100 0 |a Romero Flores, H. R  |e author  |9 374810 
245 1 0 |a Estudio psicológico sobre Lope de Vega 
300 |a 225 p 
942 |c BK 
945 |d 19961206 00:00:00  |a nastorga 
260 |a Madrid  |b Real Academia Española  |c 1936 
600 0 7 |a VEGA, LOPE DE  |2 CL-VaPUC  |9 319628 
650 0 |a Ensayos españoles  |9 313128 
650 0 |a Aspectos psicológicos  |9 258128 
650 0 |a Renacimiento  |9 255107 
650 0 |a Trabajo  |9 313876 
650 0 |a Pobreza  |9 258652 
650 0 |a Vida y obra  |9 311871 
651 7 |a MADRID  |2 CL-VaPUC  |9 315914 
583 |a last modification  |c 19961206 00:00:00  |k Rodrigo Vera 
999 |c 254317  |d 254315 
952 |0 0  |1 0  |4 0  |6 864_000000000000000_ROM_1936  |7 0  |8 A  |9 275911  |a BIBEDU  |b BIBEDU  |d 2019-11-19  |i 3258637  |o 864 ROM 1936  |p 3258637  |r 2019-11-19  |w 2019-11-19  |y BK  |k LIT